Online Catalogue and eLibrary

Tamil catholic literary tradition of Sri Lanka : (Record no. 3083)

MARC details
000 -LEADER
fixed length control field 00452nam a2200169Ia 4500
005 - DATE AND TIME OF LATEST TRANSACTION
control field 20240925071724.0
008 - FIXED-LENGTH DATA ELEMENTS--GENERAL INFORMATION
fixed length control field 240331s9999 xx 000 0 und d
020 ## - INTERNATIONAL STANDARD BOOK NUMBER
ISBN 9558231002
082 ## - DDC Classification
Item Number - Author Mark PIL
Class No. 782
100 ## - MAIN ENTRY--PERSONAL NAME
Personal name Pilendran, G.V.
245 #0 - TITLE STATEMENT
Title Tamil catholic literary tradition of Sri Lanka :
Remainder of title Vol.1
260 ## - PUBLICATION, DISTRIBUTION, ETC.
Place of publication, distribution, etc. Jaffna
Name of publisher, distributor, etc. Catholic Students union
Date of publication, distribution, etc. 1998
300 ## - PHYSICAL DESCRIPTION
Extent (e.g. Volumes, Pages etc.) xix, 185 p .,
650 ## - SUBJECT ADDED ENTRY--TOPICAL TERM
Topical term or geographic name entry element Historic-critical
650 ## - SUBJECT ADDED ENTRY--TOPICAL TERM
Topical term or geographic name entry element literary
942 ## - Koha item type (Biblio)
Koha item type Books in Stacks (Lending)
Holdings
Lost status Damaged status Collection code Home library Current library Shelving location Date acquired Full call number Accession Number Item type
    Lending WERC Library WERC Library Social Science Cupboard 03/31/2024 782.294 PIL 4117 Books in Stacks (Lending)

© WERC Library